Southville International School and Colleges
Your cart is empty.
  • Cart
  • Lists
    Public lists Eva Luna New books Lux_list list_1
    Your lists Log in to create your own lists
  • Log in to your account
  • Your cookies
  • Search history
Southville International School and Colleges
  • Advanced search
  • Recent comments
  • Most popular
  • Libraries

Log in to your account

Log in with GOOGLE


If you do not have an external account, but do have a local account, you can still log in:

  1. Home
  2. MARC view: A textbook of front office management /
Normal view MARC view ISBD view

A textbook of front office management / (Record no. 276002)

[ view plain ]
MARC details
000 -LEADER
fixed length control field 00572nam a22001937a 4500
003 - CONTROL NUMBER IDENTIFIER
control field SISC
005 - DATE AND TIME OF LATEST TRANSACTION
control field 20170308133133.0
008 - FIXED-LENGTH DATA ELEMENTS--GENERAL INFORMATION
fixed length control field 141002b xxu||||| |||| 00| 0 eng d
020 ## - INTERNATIONAL STANDARD BOOK NUMBER
International Standard Book Number 9789380642697
050 ## - LIBRARY OF CONGRESS CALL NUMBER
Classification number HF 5547
Item number .Sh531 2012
100 ## - MAIN ENTRY--PERSONAL NAME
Personal name Sharma, Piyush.
245 ## - TITLE STATEMENT
Title A textbook of front office management /
Statement of responsibility, etc Piyush Sharma.
260 ## - PUBLICATION, DISTRIBUTION, ETC. (IMPRINT)
Place of publication, distribution, etc Delhi :
Name of publisher, distributor, etc Dominant Publishers & Distributors Ltd.,
Date of publication, distribution, etc 2012.
300 ## - PHYSICAL DESCRIPTION
Extent 314 pages ;
Dimensions 22 cm.
500 ## - GENERAL NOTE
General note Includes index.
521 ## - TARGET AUDIENCE NOTE
Target audience note Business Administration
650 ## - SUBJECT ADDED ENTRY--TOPICAL TERM
Topical term or geographic name as entry element Office management.
942 ## - ADDED ENTRY ELEMENTS (KOHA)
Source of classification or shelving scheme Library of Congress Classification
Koha item type Books
Call number prefix Foreign
Holdings
Withdrawn status Lost status Source of classification or shelving scheme Damaged status Home library Current library Shelving location Date acquired Source of acquisition Cost, normal purchase price Total Checkouts Full call number Barcode Date last seen Price effective from Koha item type
    Library of Congress Classification   College Library College Library Reserve Section 10/02/2014 Library Fund 2300.00   HF 5547 .Sh531 2012 C18639 05/15/2018 10/02/2014 Books

A textbook of front office management /

APA

Sharma P., . (2012). A textbook of front office management. Delhi: Dominant Publishers & Distributors Ltd.

Chicago

Sharma Piyush, . 2012. A textbook of front office management. Delhi: Dominant Publishers & Distributors Ltd.

Harvard

Sharma P., . (2012). A textbook of front office management. Delhi: Dominant Publishers & Distributors Ltd.

MLA

Sharma Piyush, . A textbook of front office management. Delhi: Dominant Publishers & Distributors Ltd. 2012.

  • Place hold
  • Print
  • Cite
  • Add to your cart (remove)
  • Save record
    BIBTEX Dublin Core MARCXML MARC (non-Unicode/MARC-8) MARC (Unicode/UTF-8) MARC (Unicode/UTF-8, Standard) MODS (XML) RIS
  • More searches
    Search for this title in:
    Other Libraries (WorldCat) Other Databases (Google Scholar) Online Stores (Bookfinder.com) Open Library (openlibrary.org)

Exporting to Dublin Core...

SOUTHVILLE LIBRARY

Southville International School and Colleges Library

1281 Tropical Ave. Cor. Luxembourg St., BF Homes International, Las Pinas City

Tel. No. 8256374 / 252358 Loc. 117/146

Powered by Koha